Normal view
MARC view
- Xix,779p
Entry Personal Name
001 - CONTROL NUMBER
- control field: 57814
003 - CONTROL NUMBER IDENTIFIER
- control field: NUST
005 - DATE AND TIME OF LATEST TRANSACTION
- control field: 20210628202011.0
008 - FIXED-LENGTH DATA ELEMENTS
- fixed length control field: 210628|| aca||aabn | a|a d
040 ## - CATALOGING SOURCE
- Original cataloging agency: NUST
- Transcribing agency: NUST
100 ## - HEADING--PERSONAL NAME
- Personal name: Xix,779p
670 ## - SOURCE DATA FOUND
- Source citation: Work cat.: (NUST): Xix,779p, Finacial management and policy, 2000
